| 000 | 01185nam a2200241Ia 4500 | ||
|---|---|---|---|
| 999 |
_c40754 _d40754 |
||
| 001 | 7393 | ||
| 003 | GE_BSU | ||
| 005 | 20191223171012.0 | ||
| 008 | 181216s2013||||ge |||||||||||||| ||geo|| | ||
| 020 | _a9789941434297 | ||
| 040 | _cGE_BSU | ||
| 041 | _ageo | ||
| 080 | _a321(479.22)+94(479.22) მ-25 | ||
| 100 |
_aმამულაიშვილი, ჯაბა _95926 |
||
| 245 |
_aქართული სახელმწიფოებრიობის დაქვეითება (XIII საუკუნე) და მისი მიზეზები / _cმამულაიშვილი ჯაბა ; რედ. ნანა ხახუტაიშვილი. |
||
| 264 |
_aბათუმი : _bშოთა რუსთაველის სახ. უნ-ტი, _c2013. |
||
| 300 |
_a100 გვ.; _b22 სმ. |
||
| 504 | _aბიბლიოგრ.: გვ. 96-99. | ||
| 653 | _a ქართული სახელმწიფოებრიობა | ||
| 653 | _aსაქართველოს ისტორია | ||
| 700 |
_aხახუტაიშვილი, ნანა _eრედაქტორი _95927 |
||
| 942 |
_cBK _2udc |
||